[Event "XXX Ogolnopolski Turniej Juniorow FERIE 2013"]
[Site "Bydgoszcz"]
[Date "1899-12-30"]
[Round "6.3"]
[White "Wojnarowski, Szymon"]
[Black "Mikolajczak, Wojciech"]
[Result "0-1"]
[WhiteTitle "II"]
[BlackTitle "II+"]
[WhiteElo "1612"]
[BlackElo "1738"]

1. d4 Nf6 2. Nf3 c5 3. Nc3 cxd4 4. Nxd4 Nc6 5. e4 d6 6. Bb5 Bd7 7. O-O g6 8. Re1
Bg7 9. Nb3 O-O 10. Nd5 Ne5 11. Bxd7 Nexd7 12. c3 Re8 13. Bg5 Rc8 14. Rc1 Nxd5
15. exd5 Nf6 16. Rc2 Qd7 17. Rce2 Qg4 18. Qd2 Rc7 19. h3 Qf5 20. Rd1 Ne4 21. g4
Qf3 22. Qe3 Nxg5 23. Qxg5 Qxe2 24. Rd2 Qe1+ 25. Kg2 Qe4+ 26. Kg1 Qb1+ 27. Kg2
Qxa2 28. Nc1 Qc4 29. Ne2 Qe4+ 30. f3 Qe5 31. Qh4 Rc5 32. Nd4 Rxd5 33. Re2 Qg5
0-1

[Event "XXX Ogolnopolski Turniej Juniorow FERIE 2013"]
[Site "Bydgoszcz"]
[Date "1899-12-30"]
[Round "6.4"]
[White "Kowalski, Roman"]
[Black "Matewski, Marcin"]
[Result "0-1"]
[WhiteTitle "II"]
[BlackTitle "II+"]
[WhiteElo "1602"]
[BlackElo "1608"]

1. e4 e6 2. d4 d5 3. exd5 exd5 4. Nc3 Nf6 5. Bd3 Bd6 6. Nge2 O-O 7. O-O h6 8. Bf4
a6 9. b3 Nc6 10. Qd2 Nb4 11. Bxd6 Qxd6 12. Ng3 Nxd3 13. Qxd3 Bd7 14. Rfe1 Rac8
15. Re5 c5 16. Nf5 Bxf5 17. Qxf5 Rfd8 18. dxc5 Rxc5 19. Na4 Rxc2 20. Rxd5 Rxa2
21. Rxa2 Qxd5 22. Qxd5 Rxd5 23. h3 Ne4 24. Re2 Nc5 25. Rb2 b5 26. Nb6 Rd6 27.
Nc8 Rd3 28. b4 Rd1+ 29. Kh2 Nd3 30. Rb3 Nxf2 31. Ne7+ Kh7 32. Nc6 Rd6 33. Ne5
f6 34. Nf3 Ne4 35. Nh4 Nd2 36. Rb2 Nc4 37. Rb1 Rd2 38. Ra1 Rb2 39. Rxa6 Rxb4 40.
Ra7 Ne3 41. Nf3 Rb2 42. Ra3 Nxg2 43. Kg3 g5 44. Nd4 Nf4 45. Kg4 Kg6 46. h4 Rg2+
47. Kf3 Rh2 48. Nxb5 Rxh4 49. Ra6 Rh3+ 50. Kf2 g4 51. Ra5 Rf3+ 52. Kg1 h5 53.
Nd6 g3 0-1

[Event "XXX Ogolnopolski Turniej Juniorow FERIE 2013"]
[Site "Bydgoszcz"]
[Date "1899-12-30"]
[Round "6.5"]
[White "Walczak, Mikolaj"]
[Black "Proczek, Mateusz"]
[Result "1/2-1/2"]
[WhiteTitle "III"]
[BlackTitle "II"]
[WhiteElo "1399"]
[BlackElo "1554"]

1. e4 e6 2. d4 d5 3. Nc3 dxe4 4. Nxe4 Nf6 5. Ng3 Nbd7 6. Nf3 Bd6 7. Bd3 O-O 8.
c3 e5 9. O-O exd4 10. Nxd4 Ne5 11. Bc2 Re8 12. Ndf5 Bxf5 13. Nxf5 Bc5 14. Be3
Bxe3 15. Nxe3 Qe7 16. Nd5 Nxd5 17. Qxd5 c6 18. Qe4 Ng6 19. Qxe7 Nxe7 20. c4 Rad8
21. Rad1 c5 22. Ba4 Rf8 23. Rxd8 Rxd8 24. Rd1 Rxd1+ 25. Bxd1 Kf8 26. Bf3 b6 27.
Kf1 Nf5 28. Be4 Nd4 29. Ke1 Ke7 30. Kd2 Kd6 1/2-1/2

[Event "XXX Ogolnopolski Turniej Juniorow FERIE 2013"]
[Site "Bydgoszcz"]
[Date "1899-12-30"]
[Round "6.6"]
[White "Chalas, Dawid"]
[Black "Perenc, Pawel"]
[Result "1/2-1/2"]
[WhiteTitle "II"]
[BlackTitle "II"]
[WhiteElo "1343"]
[BlackElo "1519"]

1. e4 e5 2. Nf3 Nc6 3. Bc4 d6 4. h3 Be6 5. Bb3 Nf6 6. Nc3 Bxb3 7. axb3 Be7 8. O-O
O-O 9. d4 exd4 10. Nxd4 Nxd4 11. Qxd4 a6 12. Be3 Nd7 13. f4 Bf6 14. Qd3 Re8 15.
Bd4 Bxd4+ 16. Qxd4 Nf6 17. Rf3 b5 18. Rg3 c5 19. Qd3 Qb6 20. Kh2 Qc6 21. Re3 b4
22. Nd5 Nxd5 23. exd5 Rxe3 24. dxc6 Rxd3 25. cxd3 Ra7 26. c7 Rxc7 27. Rxa6 Kf8
28. Rxd6 Ke7 29. Rd5 Rd7 30. Rxd7+ Kxd7 31. Kg3 f5 32. Kf3 Ke6 33. g4 g6 34. g5
Kd6 35. Ke3 Ke6 36. d4 Kd5 1/2-1/2

[Event "XXX Ogolnopolski Turniej Juniorow FERIE 2013"]
[Site "Bydgoszcz"]
[Date "1899-12-30"]
[Round "6.7"]
[White "Okonski, Mateusz"]
[Black "Paliwoda, Borys"]
[Result "1/2-1/2"]
[WhiteTitle "III"]
[BlackTitle "II"]
[WhiteElo "1579"]
[BlackElo "1481"]

1. d4 d5 2. c4 e6 3. Nc3 Be7 4. Nf3 Nf6 5. e3 O-O 6. Bd3 c5 7. cxd5 exd5 8. dxc5
Bxc5 9. h3 b6 10. O-O Bb7 11. a3 Nc6 12. b4 Be7 13. Bb2 Kh8 14. Qc2 h6 15. Rfe1
Rc8 16. Rad1 Bd6 17. Qb3 Ne5 18. Nxe5 Bxe5 19. e4 d4 20. Ne2 Nxe4 21. Bxd4 Bd5
22. Qb2 Bxd4 23. Nxd4 Nf6 24. Ba6 Rc7 25. Nf5 Kh7 26. Ne3 Qa8 27. Nxd5 Nxd5 28.
Qe5 Re7 29. Qg3 Rxe1+ 30. Rxe1 Nf6 31. Qc7 Kg8 32. Bc4 Nd5 33. Bxd5 Qxd5 34. Qxa7
Qc6 35. Qe7 Rc8 36. Qe4 Qc7 37. a4 Qc4 38. Qxc4 Rxc4 39. Rb1 Kf8 40. Kf1 Ke7 41.
a5 bxa5 42. bxa5 Ra4 43. Rb5 Kd6 44. Rb7 Rxa5 45. Rxf7 Rg5 46. g4 Ke6 47. Ra7
Kf6 48. Ke2 Rb5 49. Ra3 g5 50. Ke3 Rb4 51. Kf3 Rc4 52. Kg3 Rc2 53. f3 Rc4 54.
h4 Kg6 55. Ra6+ Kg7 56. hxg5 hxg5 57. Ra5 Kg6 58. Rf5 Rc3 59. Rd5 Rb3 60. Kf2
Rc3 61. Ke2 Rb3 62. Rd3 Rb4 63. Ke3 Rf4 64. Rd4 Rf6 65. Re4 Kg7 66. Re5 Kg6 67.
Ke4 Rf4+ 68. Ke3 Rf6 69. Ra5 Re6+ 70. Kd4 Rf6 71. Ke4 Rf4+ 72. Ke3 Rf6 73. Ra3
Kg7 74. Ke4 Kg6 75. Ke5 Kg7 76. Rd3 Rf4 77. Rd7+ Kg6 78. Rd6+ Kg7 79. Rd3 Kg6
80. Re3 Rf6 81. Kd5 Rf4 82. Re6+ Kg7 83. Re5 Kg6 1/2-1/2

[Event "XXX Ogolnopolski Turniej Juniorow FERIE 2013"]
[Site "Bydgoszcz"]
[Date "1899-12-30"]
[Round "6.8"]
[White "Szortyka, Dominik"]
[Black "Wloch, Mikolaj"]
[Result "1-0"]
[WhiteTitle "II"]
[BlackTitle "III"]
[WhiteElo "1541"]
[BlackElo "1287"]

1. e4 c5 2. Nf3 d6 3. d4 cxd4 4. Nxd4 Nf6 5. Nc3 g6 6. Be2 Bg7 7. Be3 O-O 8. Qd2
Nc6 9. Nb3 Be6 10. Bh6 Rc8 11. Bxg7 Kxg7 12. O-O Qc7 13. Nd4 Nxd4 14. Qxd4 Qc5
15. Rad1 Qxd4 16. Rxd4 a6 17. a3 b5 18. Bd3 Rc7 19. Nd5 Nxd5 20. exd5 Bd7 21.
h3 f5 22. c4 Rfc8 23. cxb5 axb5 24. Bb1 Rc1 25. Rdd1 Rxd1 26. Rxd1 Kf6 27. Kf1
Ke5 28. Bd3 Rc5 29. g3 Rxd5 30. f4+ Kf6 31. Ke2 Rc5 32. Kd2 e5 33. Rc1 Rxc1 34.
Kxc1 exf4 35. gxf4 g5 36. fxg5+ Kxg5 37. Kd2 Kh4 38. Bf1 f4 39. Ke2 Bxh3 40. Bxh3
Kxh3 41. Kf3 h5 42. Kxf4 h4 43. Kf3 d5 44. b3 d4 45. a4 bxa4 46. bxa4 d3 47. a5
d2 48. Ke2 Kg2 49. a6 h3 50. a7 h2 51. a8=Q+ Kg1 52. Qa1+ Kg2 53. Qf1+ Kg3 54.
Qh1 1-0

[Event "XXX Ogolnopolski Turniej Juniorow FERIE 2013"]
[Site "Bydgoszcz"]
[Date "1899-12-30"]
[Round "6.9"]
[White "Kopaczewski, Adam"]
[Black "Blocinski, Maciej"]
[Result "1-0"]
[WhiteTitle "II"]
[BlackTitle "II"]
[WhiteElo "1456"]
[BlackElo "1375"]

1. e4 e5 2. Nf3 Nc6 3. d4 exd4 4. Bc4 Nf6 5. O-O Nxe4 6. Re1 d5 7. Bxd5 Qxd5 8.
Nc3 Qd8 9. Rxe4+ Be6 10. Nxd4 Nxd4 11. Rxd4 Qf6 12. Nb5 Qe5 13. a4 Rc8 14. Bf4
Qf6 15. Nxc7+ Rxc7 16. Bxc7 Be7 17. Qd2 O-O 18. Qf4 Qg6 19. Qe4 Qxe4 20. Rxe4
Rc8 21. Be5 Rxc2 22. Bc3 h6 23. Rae1 Bc5 24. R4e2 Rxe2 25. Rxe2 Kh7 26. Rd2 b6
27. b4 Be7 28. b5 Kg8 29. Be5 Kf8 30. Bb8 Bb3 31. Rd4 Bc5 32. Re4 Bc2 33. Rf4
g5 34. Rf6 Bxa4 35. Rxh6 Bxb5 36. Bxa7 Kg7 37. Rh3 Bd7 38. Rb3 Be6 39. Rb1 Bf5
40. Rb2 f6 41. Bxb6 Bxb6 42. Rxb6 Kg6 43. f3 Bd7 44. Kf2 Bc8 45. Ke3 Bd7 46. Rd6
Be8 47. Ke4 Bf7 48. g3 Bb3 49. f4 gxf4 50. gxf4 Bc2+ 51. Kf3 Bb3 52. Kg4 Bc2 53.
Rd5 f5+ 54. Kh4 Kf6 55. Rd6+ Ke7 56. Rb6 Be4 57. Kg5 Kf7 58. Rf6+ Ke7 59. Rxf5
Bxf5 60. Kxf5 1-0

[Event "XXX Ogolnopolski Turniej Juniorow FERIE 2013"]
[Site "Bydgoszcz"]
[Date "1899-12-30"]
[Round "6.11"]
[White "Wierzbowska, Aleksandra"]
[Black "Borkowska, Zuzanna"]
[Result "0-1"]
[WhiteTitle "II"]
[BlackTitle "II"]
[WhiteElo "1490"]
[BlackElo "1247"]

1. d4 d5 2. c4 e6 3. Nc3 Nf6 4. Nf3 Nbd7 5. Bg5 Be7 6. e3 O-O 7. Bd3 dxc4 8. Bxc4
c6 9. O-O b6 10. e4 h6 11. Bf4 Bb7 12. Bd3 c5 13. e5 Nd5 14. Nxd5 Bxd5 15. dxc5
Nxc5 16. Bc2 Bc4 17. Re1 Qxd1 18. Bxd1 Nd3 19. Re4 Bd5 20. Rd4 Nxb2 21. Bb3 Bxf3
22. gxf3 Rfd8 23. Rd2 Rxd2 24. Bxd2 Nd3 25. Bc2 Nxe5 26. Be4 Rd8 27. Bf4 Bf6 28.
Rb1 g5 29. Bc1 Rd1+ 30. Kg2 Nd3 31. Bxd3 Rxd3 32. f4 Rd1 33. Kf3 gxf4 34. Ke2
Rh1 35. Kd3 Bg5 36. f3 Rxh2 37. Bd2 Rf2 38. Rg1 Rxf3+ 39. Ke2 Rg3 40. Rd1 f3+
41. Kd3 Bxd2 42. Kxd2 Rg2+ 43. Ke3 Rxa2 44. Kxf3 a5 45. Rd6 b5 46. Ke4 Ra4+ 47.
Ke5 Kg7 48. Rb6 b4 49. Kd4 h5 50. Rb5 Kg6 51. Kc4 h4 52. Re5 h3 53. Re1 h2 54.
Kb3 Ra3+ 55. Kc4 b3 56. Kc3 a4 57. Kb2 Ra2+ 58. Kb1 Rg2 59. Rc1 Rg1 0-1

[Event "XXX Ogolnopolski Turniej Juniorow FERIE 2013"]
[Site "Bydgoszcz"]
[Date "1899-12-30"]
[Round "6.12"]
[White "Kulpinski, Jakub"]
[Black "Jozwik, Kacper"]
[Result "0-1"]
[WhiteTitle "III"]
[BlackTitle "III"]
[WhiteElo "1406"]
[BlackElo "1309"]

1. e4 c5 2. Nf3 e6 3. d4 cxd4 4. Nxd4 a6 5. Nc3 b5 6. Bd2 Bb7 7. Bd3 Qc7 8. Nce2
Nc6 9. c3 Nf6 10. Ng3 Bd6 11. Nde2 Be7 12. Qc2 O-O 13. f4 e5 14. Rf1 d6 15. h3
exf4 16. Bxf4 Ne5 17. O-O-O Rac8 18. Nd4 Qd7 19. Ngf5 Nxd3+ 20. Qxd3 Bxe4 21.
Nxe7+ Qxe7 22. Qg3 Nh5 23. Qg4 Nxf4 24. Qxf4 Bxg2 25. Rfe1 Qd7 26. Rg1 Bxh3 27.
Qg3 g6 28. Rd3 Be6 29. a3 Rfe8 30. Rf3 a5 31. Qh4 Qe7 32. Qh2 b4 33. axb4 axb4
34. Kc2 bxc3 35. bxc3 Ra8 36. Kd3 Bd5 37. Qf4 Bxf3 38. Qxf3 Ra2 39. Nf5 Qe2+ 40.
Qxe2 Rexe2 41. Nxd6 Rad2+ 42. Kc4 Rxd6 43. Kb3 0-1

[Event "XXX Ogolnopolski Turniej Juniorow FERIE 2013"]
[Site "Bydgoszcz"]
[Date "1899-12-30"]
[Round "7.2"]
[White "Mikolajczak, Wojciech"]
[Black "Budnik, Mateusz"]
[Result "1/2-1/2"]
[WhiteTitle "II+"]
[BlackTitle "II"]
[WhiteElo "1738"]
[BlackElo "1698"]

1. c4 Nf6 2. Nc3 g6 3. g3 Bg7 4. Bg2 c5 5. d3 Nc6 6. Nf3 d6 7. Bd2 O-O 8. O-O Bd7
9. Qc1 Re8 10. Re1 a6 11. a3 Rb8 12. Rb1 b5 13. cxb5 axb5 14. b4 cxb4 15. axb4
Qb6 16. Be3 Qc7 17. Qd2 Rec8 18. Qc1 Qd8 19. Bh6 Bh8 20. h3 Qb6 21. Be3 Qd8 22.
Kh2 Bg7 23. Bh6 Bh8 24. Bg5 Bg7 25. Bh6 Bh8 26. Bg5 Qb6 27. Be3 Qd8 28. Bg5 Bg7
29. Bh6 Bh8 30. Be3 Bg7 1/2-1/2

[Event "XXX Ogolnopolski Turniej Juniorow FERIE 2013"]
[Site "Bydgoszcz"]
[Date "1899-12-30"]
[Round "7.3"]
[White "Wisniewski, Szymon"]
[Black "Dobosz, Kacper"]
[Result "1-0"]
[WhiteTitle "II"]
[BlackTitle "II"]
[WhiteElo "1718"]
[BlackElo "1609"]

1. e4 c5 2. Nc3 Nc6 3. f4 d6 4. Bb5 a6 5. Bxc6+ bxc6 6. Nf3 Nf6 7. d3 g6 8. O-O
Bg7 9. Qe1 O-O 10. Qh4 e6 11. f5 Nh5 12. Bg5 Bf6 13. g4 Bxg5 14. Nxg5 h6 15. fxg6
Qxg5 16. Qxg5 hxg5 17. gxf7+ Rxf7 18. Rxf7 Kxf7 19. gxh5 e5 20. Rf1+ Kg7 21. h6+
Kg6 22. Rf8 Bb7 23. Rxa8 Bxa8 24. Na4 c4 25. Nb6 cxd3 26. cxd3 Bb7 27. Nc4 d5
28. Nxe5+ Kxh6 29. Nf7+ Kg6 30. Nd6 Ba8 31. Kf2 Kf6 32. d4 dxe4 33. Nxe4+ Kf5
34. Nc5 a5 35. Kf3 Kg6 36. Kg4 Kf6 37. h4 gxh4 38. Kxh4 Kg6 39. Kg4 Kf6 40. Kf4
Kf7 41. Ke5 Ke7 42. a4 Kd8 43. Kd6 Kc8 44. Nb3 1-0

[Event "XXX Ogolnopolski Turniej Juniorow FERIE 2013"]
[Site "Bydgoszcz"]
[Date "1899-12-30"]
[Round "7.4"]
[White "Proczek, Mateusz"]
[Black "Chalas, Dawid"]
[Result "0-1"]
[WhiteTitle "II"]
[BlackTitle "II"]
[WhiteElo "1554"]
[BlackElo "1343"]

1. e4 e5 2. Nf3 Nc6 3. Bb5 a6 4. Bxc6 bxc6 5. d4 exd4 6. Nxd4 c5 7. Nf3 Be7 8.
Nc3 d6 9. O-O Nf6 10. Bf4 O-O 11. Re1 Re8 12. e5 Nh5 13. exd6 Nxf4 14. dxe7 Qxd1
15. Raxd1 Be6 16. Re4 Ng6 17. Nd5 Rac8 18. Ra4 Nxe7 19. Nxe7+ Rxe7 20. Rxa6 Rb8
21. Ra5 h6 22. b3 c4 23. Rc5 cxb3 24. axb3 Ra8 25. Ne5 Rc8 26. Nc6 Ree8 27. h3
Ra8 28. Nb4 Re7 29. Nc6 Ree8 30. Ne5 Ra7 31. Rd4 Rb7 32. Nc6 Kf8 33. Nd8 Ra7 34.
Nxe6+ Rxe6 35. Rd7 Re7 36. Rd8+ Re8 37. Rxe8+ Kxe8 38. f4 Kd7 39. Kf2 Ra6 40.
g4 Rd6 41. Ke2 Rd4 42. f5 Re4+ 43. Kf3 Rb4 44. Ke3 Kd6 45. Rc3 Kd7 46. Rd3+ Ke7
47. Rd4 Rb5 48. Kd3 f6 49. h4 Rc5 50. c4 Rc6 51. g5 h5 52. gxf6+ gxf6 53. Re4+
Kf7 54. Rd4 Ke7 55. Ke4 Rc5 56. Rd5 Rc6 57. c5 Ra6 58. b4 c6 59. Rd6 Kf7 60. Rd7+
Ke8 61. Rh7 Ra4 62. Rxh5 Rxb4+ 63. Kd3 Rf4 0-1

[Event "XXX Ogolnopolski Turniej Juniorow FERIE 2013"]
[Site "Bydgoszcz"]
[Date "1899-12-30"]
[Round "7.5"]
[White "Perenc, Pawel"]
[Black "Kopaczewski, Adam"]
[Result "0-1"]
[WhiteTitle "II"]
[BlackTitle "II"]
[WhiteElo "1519"]
[BlackElo "1456"]

1. d4 Nf6 2. c4 e5 3. e3 exd4 4. exd4 Bb4+ 5. Bd2 Bxd2+ 6. Nxd2 O-O 7. Ngf3 d5
8. b3 Nc6 9. Be2 Ne4 10. cxd5 Nc3 11. Qc2 Nxe2 12. dxc6 Re8 13. cxb7 Nxd4+ 14.
Kd1 Bxb7 15. Nxd4 Qxd4 16. f3 Qxa1+ 0-1

[Event "XXX Ogolnopolski Turniej Juniorow FERIE 2013"]
[Site "Bydgoszcz"]
[Date "1899-12-30"]
[Round "7.6"]
[White "Paliwoda, Borys"]
[Black "Walczak, Mikolaj"]
[Result "1/2-1/2"]
[WhiteTitle "II"]
[BlackTitle "III"]
[WhiteElo "1481"]
[BlackElo "1399"]

1. e4 c5 2. Nf3 e6 3. d4 cxd4 4. Nxd4 a6 5. Nc3 b5 6. Bd3 Bb7 7. O-O Nf6 8. Qe2
Qc7 9. Bg5 Nc6 10. Nxc6 Bxc6 11. Bxf6 gxf6 12. Qe3 Bd6 13. g3 h5 14. h4 Ke7 15.
Kh2 Rhg8 16. Be2 b4 17. Nd1 Qb7 18. Bf3 Rg7 19. Rg1 Rag8 20. Kh3 Qc7 21. Bh1 Bf4
22. Qb3 Bd6 23. c4 Qb7 24. Qe3 f5 25. e5 Bc7 26. Qc5+ Ke8 27. Bxc6 Qxc6 28. Qxc6
dxc6 29. f4 Bb6 30. Rg2 Bd4 31. a3 a5 32. axb4 axb4 33. Ra4 c5 34. Ra7 Kd8 35.
b3 Kc8 36. Ra8+ Kb7 37. Rxg8 Rxg8 38. Nb2 Bxb2 39. Rxb2 Rd8 40. Kg2 Rd3 41. Kf2
Kb6 1/2-1/2

[Event "XXX Ogolnopolski Turniej Juniorow FERIE 2013"]
[Site "Bydgoszcz"]
[Date "1899-12-30"]
[Round "7.7"]
[White "Kowalski, Roman"]
[Black "Szortyka, Dominik"]
[Result "1-0"]
[WhiteTitle "II"]
[BlackTitle "II"]
[WhiteElo "1602"]
[BlackElo "1541"]

1. e4 e6 2. d4 d5 3. e5 c5 4. Nf3 Nc6 5. Bb5 Qb6 6. Bxc6+ bxc6 7. O-O cxd4 8. Nxd4
Bc5 9. c3 Ba6 10. Re1 Ne7 11. b4 Bxd4 12. Qxd4 Qxd4 13. cxd4 Nf5 14. Be3 Nxe3
15. Rxe3 O-O 16. Nd2 Rab8 17. a3 f6 18. Rc1 Bb5 19. f3 f5 20. f4 Ba4 21. Nb3 Bxb3
22. Rxb3 Rfc8 23. Rbc3 Rb6 24. Rc5 a6 25. Kf2 Kf7 26. h3 Ke7 27. g4 g6 28. R1c3
Kd7 29. gxf5 exf5 30. Kg3 Rb5 31. Rxb5 axb5 32. h4 h5 33. Kf2 Re8 34. Rg3 Re6
35. Ke2 Kc7 36. Kd2 Kb6 37. Kc2 Kb7 38. Kb3 Kb6 39. Rg1 Kb7 40. a4 Kb6 41. axb5
cxb5 42. Rc1 Rc6 43. Rc5 1-0

[Event "XXX Ogolnopolski Turniej Juniorow FERIE 2013"]
[Site "Bydgoszcz"]
[Date "1899-12-30"]
[Round "7.8"]
[White "Skoczek, Karolina"]
[Black "Wojnarowski, Szymon"]
[Result "0-1"]
[WhiteTitle "II+"]
[BlackTitle "II"]
[WhiteElo "1548"]
[BlackElo "1612"]

1. e4 c6 2. d4 d5 3. Nc3 dxe4 4. Nxe4 Bf5 5. Ng3 Bg6 6. h4 h6 7. h5 Bh7 8. Bd3
Qxd4 9. Nf3 Qd8 10. Ne5 Qa5+ 11. c3 Qxe5+ 12. Be3 Bxd3 13. Qxd3 e6 14. Rd1 Be7
15. O-O Nf6 16. Qe2 O-O 17. Rfe1 Bc5 18. Qf3 Bxe3 19. Rxe3 Qa5 20. a3 Nbd7 21.
Ne4 Rad8 22. Nd6 Qc7 23. Nc4 Nb6 24. Rxd8 Rxd8 25. Nxb6 Qxb6 0-1

[Event "XXX Ogolnopolski Turniej Juniorow FERIE 2013"]
[Site "Bydgoszcz"]
[Date "1899-12-30"]
[Round "7.9"]
[White "Borkowska, Zuzanna"]
[Black "Okonski, Mateusz"]
[Result "0-1"]
[WhiteTitle "II"]
[BlackTitle "III"]
[WhiteElo "1247"]
[BlackElo "1579"]

1. d4 Nf6 2. c4 d5 3. Nc3 g6 4. Bf4 Bg7 5. e3 c6 6. Nf3 O-O 7. Bd3 Qb6 8. Qc2 dxc4
9. Bxc4 Bf5 10. e4 Bg4 11. Na4 Qd8 12. Ne5 b5 13. Bxf7+ Rxf7 14. Nxf7 Kxf7 15.
Qb3+ Be6 16. Qb4 bxa4 17. Qxa4 Nxe4 18. Bxb8 Rxb8 19. Qxc6 Qa5+ 20. Kf1 Qb5+ 21.
Qxb5 Rxb5 22. f3 Nd2+ 23. Ke2 Rxb2 24. Kd3 Bf5+ 25. Kc3 Rc2+ 26. Kb4 Rc4+ 27.
Kb5 Bxd4 28. Rad1 a6+ 29. Kxa6 Ra4+ 30. Kb5 Rxa2 31. Kc6 Rc2+ 32. Kb5 Rb2+ 33.
Kc6 Rc2+ 34. Kb5 0-1

[Event "XXX Ogolnopolski Turniej Juniorow FERIE 2013"]
[Site "Bydgoszcz"]
[Date "1899-12-30"]
[Round "7.10"]
[White "Wloch, Mikolaj"]
[Black "Jozwik, Kacper"]
[Result "1/2-1/2"]
[WhiteTitle "III"]
[BlackTitle "III"]
[WhiteElo "1287"]
[BlackElo "1309"]

1. e4 c5 2. Nf3 e6 3. d4 cxd4 4. Nxd4 a6 5. Nc3 b5 6. Be3 Qc7 7. Be2 Nc6 8. Nxc6
Qxc6 9. Bf3 Bb7 10. O-O Qc7 11. Qd2 Nf6 12. a3 Be7 13. Bf4 e5 14. Bg5 O-O 15.
Bxf6 Bxf6 16. Nd5 Bxd5 17. exd5 d6 18. h3 h6 19. Be4 Qc4 20. Qd3 Qxd3 21. Bxd3
Rac8 22. b3 e4 23. Bxe4 Bxa1 24. Rxa1 Rfe8 25. Bd3 Rc5 26. Rd1 Re5 27. c4 bxc4
28. Bxc4 a5 29. a4 Rc7 30. Kf1 Rce7 31. f3 g5 32. g4 Re3 33. Kf2 Rc3 34. Rd3 Rxd3
35. Bxd3 Re5 36. Be4 Kf8 37. Ke3 Ke7 38. Kd4 Kd7 39. Kc4 Re8 40. Kd4 Rb8 41. Kc3
Rb4 42. Bd3 Kc7 43. Bc4 Kd7 44. Bd3 Ke7 45. Bc4 Kf6 46. Kd4 Ke7 47. Ke4 Kf6 48.
Kd4 1/2-1/2

[Event "XXX Ogolnopolski Turniej Juniorow FERIE 2013"]
[Site "Bydgoszcz"]
[Date "1899-12-30"]
[Round "7.11"]
[White "Blocinski, Maciej"]
[Black "Wierzbowska, Aleksandra"]
[Result "1-0"]
[WhiteTitle "II"]
[BlackTitle "II"]
[WhiteElo "1375"]
[BlackElo "1490"]

1. d4 d5 2. c4 e6 3. Nc3 Be7 4. Nf3 Nf6 5. Bf4 O-O 6. e3 Nbd7 7. Bd3 h6 8. O-O
c5 9. cxd5 exd5 10. Nb5 Ne8 11. dxc5 Nxc5 12. Rc1 a6 13. Nbd4 Nxd3 14. Qxd3 Bd6
15. Bxd6 Nxd6 16. Nb3 Be6 17. Nc5 Qf6 18. Nd4 Bg4 19. h3 Bc8 20. Rfd1 Nc4 21.
Qc2 Qg5 22. Nd3 Qg6 23. Nf4 Qxc2 24. Rxc2 f5 1-0

[Event "XXX Ogolnopolski Turniej Juniorow FERIE 2013"]
[Site "Bydgoszcz"]
[Date "1899-12-30"]
[Round "8.2"]
[White "Chalas, Dawid"]
[Black "Mikolajczak, Wojciech"]
[Result "0-1"]
[WhiteTitle "II"]
[BlackTitle "II+"]
[WhiteElo "1343"]
[BlackElo "1738"]

1. e4 c5 2. Nf3 Nc6 3. Bb5 g6 4. Bxc6 bxc6 5. O-O Bg7 6. c3 Nf6 7. d3 O-O 8. h3
d5 9. Qc2 e6 10. Bg5 Qb6 11. Nbd2 Ba6 12. Rfe1 Nd7 13. Rab1 Qb5 14. d4 cxd4 15.
Nxd4 Qb7 16. exd5 cxd5 17. N2b3 Rac8 18. Qd2 Rfe8 19. Na5 Qb6 20. Nac6 Rxc6 21.
Nxc6 Qxc6 22. Bh6 Bh8 23. Re3 Ne5 24. Rg3 Qc4 25. b3 Qe4 26. Re1 Qh4 27. Bg5 Qh5
28. Rxe5 Bxe5 29. Rf3 f5 30. Qe3 Bb8 31. h4 Qg4 32. Bf4 e5 33. Kh1 Qxh4+ 34. Kg1
Qe7 35. Bg5 f4 36. Bxe7 fxe3 0-1

[Event "XXX Ogolnopolski Turniej Juniorow FERIE 2013"]
[Site "Bydgoszcz"]
[Date "1899-12-30"]
[Round "8.3"]
[White "Budnik, Mateusz"]
[Black "Dobosz, Kacper"]
[Result "0-1"]
[WhiteTitle "II"]
[BlackTitle "II"]
[WhiteElo "1698"]
[BlackElo "1609"]

1. f4 e5 2. fxe5 d6 3. exd6 Bxd6 4. Nf3 Nf6 5. Nc3 Ng4 6. g3 Nxh2 7. Rxh2 Bxg3+
8. Rf2 Bxf2+ 9. Kxf2 Bg4 10. Bg2 O-O 11. Qh1 Nc6 12. Qh4 Bxf3 13. Qxd8 Raxd8 14.
Bxf3 Rfe8 15. Bxc6 bxc6 16. d3 Rd6 17. Ne4 Rde6 18. Bf4 R8e7 19. Rg1 Kh8 20. Rg5
h6 21. Ra5 g5 22. Bg3 Kg7 23. Nc3 a6 24. e4 Kg6 25. Rxa6 h5 26. Ra5 h4 27. Bh2
g4 28. Kg2 Rf6 29. Ra8 Kh7 30. e5 Rf3 31. Ne4 Kg7 32. Bg1 h3+ 33. Kh2 Rf1 34.
Ng3 Rf3 35. Bd4 Kh7 36. Ra5 Re6 37. Ne4 Kg6 38. Ra8 Re7 39. Rg8+ Kf5 40. Ng3+
Kf4 41. Ne2+ Kf5 42. Ng1 Rf1 43. Rg7 Rd1 44. Be3 Rxe5 45. Rg5+ Ke6 46. Rxe5+ Kxe5
47. Kg3 f5 48. a4 Rf1 49. Bc5 f4+ 50. Kh2 Rc1 51. c3 Rc2+ 52. Kh1 h2 53. a5 hxg1=Q+
54. Kxg1 g3 55. Kf1 f3 56. Ke1 f2+ 57. Bxf2 gxf2+ 58. Kf1 Rxb2 0-1

[Event "XXX Ogolnopolski Turniej Juniorow FERIE 2013"]
[Site "Bydgoszcz"]
[Date "1899-12-30"]
[Round "8.4"]
[White "Walczak, Mikolaj"]
[Black "Wisniewski, Szymon"]
[Result "0-1"]
[WhiteTitle "III"]
[BlackTitle "II"]
[WhiteElo "1399"]
[BlackElo "1718"]

1. e4 c5 2. Nf3 Nc6 3. d4 cxd4 4. Nxd4 g6 5. Nc3 Bg7 6. Be3 Nf6 7. f3 O-O 8. Qd2
d5 9. Nxc6 bxc6 10. e5 Nd7 11. f4 Qa5 12. Ne2 Qxd2+ 13. Bxd2 c5 14. Ng3 f6 15.
e6 Nb6 16. f5 gxf5 17. Nxf5 Bxe6 18. Nxe7+ Kf7 19. Nc6 Rfc8 20. Na5 Na4 21. b3
f5 22. Rc1 Nc3 23. Be2 Nxa2 24. Rb1 Nc3 25. Rc1 Ne4 26. Bf3 Nxd2 27. Kxd2 Bh6+
0-1

[Event "XXX Ogolnopolski Turniej Juniorow FERIE 2013"]
[Site "Bydgoszcz"]
[Date "1899-12-30"]
[Round "8.5"]
[White "Wojnarowski, Szymon"]
[Black "Kowalski, Roman"]
[Result "1-0"]
[WhiteTitle "II"]
[BlackTitle "II"]
[WhiteElo "1612"]
[BlackElo "1602"]

1. f4 d5 2. b3 Nc6 3. Bb2 Bf5 4. e3 Qd7 5. Nf3 O-O-O 6. Bb5 f6 7. Nd4 Bg4 8. Qc1
e5 9. fxe5 fxe5 10. Nxc6 bxc6 11. Ba6+ Kb8 12. Bxe5 Bd6 13. Bxd6 cxd6 14. O-O
Nf6 15. Nc3 Rhf8 16. Qa3 Ka8 17. b4 Ne4 18. Nxe4 dxe4 19. c4 Be2 20. Rxf8 Rxf8
21. c5 Qf5 22. h3 Qf2+ 23. Kh1 g5 24. Qa4 Bxa6 25. Qxa6 dxc5 26. Qxc6+ Kb8 27.
bxc5 1-0

[Event "XXX Ogolnopolski Turniej Juniorow FERIE 2013"]
[Site "Bydgoszcz"]
[Date "1899-12-30"]
[Round "8.6"]
[White "Paliwoda, Borys"]
[Black "Matewski, Marcin"]
[Result "1/2-1/2"]
[WhiteTitle "II"]
[BlackTitle "II+"]
[WhiteElo "1481"]
[BlackElo "1608"]

1. e4 e6 2. d4 d5 3. Nc3 Nf6 4. Qd3 Bb4 5. e5 Ne4 6. Nge2 c5 7. Be3 Nc6 8. a3 Qa5
9. Rb1 Bxc3+ 10. Nxc3 c4 11. Qd1 Nxc3 12. bxc3 Qxc3+ 13. Qd2 Qxa3 14. c3 O-O 15.
Be2 Ne7 16. O-O Nf5 17. Bg5 f6 18. exf6 gxf6 19. Bf4 Qe7 20. Bg4 Ng7 21. Rfe1
Kh8 22. Bh6 Rg8 23. Qf4 Qf7 24. Re3 Qg6 25. Rf1 Nh5 26. Qf3 Qxh6 27. Bxh5 Bd7
28. Bf7 Rg7 29. Bxe6 Bxe6 30. Rxe6 Rag8 31. g3 Qg5 32. Rxf6 Rd7 33. Re1 Rgd8 34.
Rf4 Qg6 35. Rg4 Qf7 36. Rf4 Qg6 37. Qe3 a5 1/2-1/2

[Event "XXX Ogolnopolski Turniej Juniorow FERIE 2013"]
[Site "Bydgoszcz"]
[Date "1899-12-30"]
[Round "8.7"]
[White "Blocinski, Maciej"]
[Black "Proczek, Mateusz"]
[Result "1-0"]
[WhiteTitle "II"]
[BlackTitle "II"]
[WhiteElo "1375"]
[BlackElo "1554"]

1. d4 Nf6 2. c4 e6 3. Nc3 Bb4 4. Bg5 h6 5. Bh4 d5 6. Nf3 Nbd7 7. e3 O-O 8. Bd3
c5 9. cxd5 cxd4 10. exd4 exd5 11. O-O Nb6 12. Qb3 Bxc3 13. bxc3 Be6 14. Ne5 Rc8
15. Rac1 g5 16. Bg3 Ne4 17. Bxe4 dxe4 18. Qd1 Nc4 19. Qh5 Qf6 20. h4 Qg7 21. f4
exf3 22. Rxf3 f6 23. Ng4 Bxg4 24. Qxg4 Rce8 25. Bf2 Nd2 26. Rd3 Ne4 27. d5 Nxf2
28. Kxf2 f5 29. Qd4 Qe5 30. Qxe5 Rxe5 31. hxg5 hxg5 32. c4 Rc8 33. Rc2 b6 34.
a4 Kf7 35. a5 Rd8 36. axb6 axb6 37. Rb3 Rd6 38. Rh3 Re4 39. Rh8 Ke7 40. Ra8 Kf6
41. Ra6 Ke5 42. Rc1 Kf6 43. c5 Rxd5 44. cxb6 Rd8 45. b7+ Kg7 46. Ra8 Rd2+ 47.
Kg1 Ree2 48. b8=Q Rxg2+ 49. Kh1 1-0

[Event "XXX Ogolnopolski Turniej Juniorow FERIE 2013"]
[Site "Bydgoszcz"]
[Date "1899-12-30"]
[Round "8.8"]
[White "Szortyka, Dominik"]
[Black "Perenc, Pawel"]
[Result "1/2-1/2"]
[WhiteTitle "II"]
[BlackTitle "II"]
[WhiteElo "1541"]
[BlackElo "1519"]

1. e4 e5 2. f4 d6 3. Nf3 Nc6 4. Bc4 Be7 5. O-O Nf6 6. Nc3 O-O 7. d4 exd4 8. Nxd4
Nxd4 9. Qxd4 b6 10. Nd5 Nxd5 11. Bxd5 Rb8 12. Qc4 b5 13. Qd3 c6 14. Bb3 c5 15.
c4 bxc4 16. Bxc4 Be6 17. Bxe6 fxe6 18. b3 Bf6 19. Rb1 Bd4+ 20. Be3 Bxe3+ 21. Qxe3
Rf7 22. Rbd1 Qb6 23. g3 Rbf8 24. Kg2 Qa6 25. Qd2 Rd8 26. Rf2 Rfd7 27. Qd3 Qxd3
28. Rxd3 d5 29. Rfd2 d4 30. Rc2 Rc7 31. Rc4 a5 32. Kf3 Kf7 33. Ke2 Kf6 1/2-1/2